Music Quiz

Random Music or Missing Word Quiz

Where Is The Love? Quiz Stats

 Plays Quiz Updated Jan 19, 2016

Score 0/16 Timer 03:00
0 Plays Today
% Correct
Bon Jovi: You Give _____ A Bad Name
96.1%
Elvis Presley: _____ Me Tender
92%
Queen: Crazy Little Thing Called _____
90.8%
Joan Jett and the Blackhearts: I _____ Rock 'n' Roll
90.8%
Captain and Tennille: _____ Will Keep Us Together
88.5%
The Beatles: All You Need is _____
87%
Pat Benatar: _____ Is A Battlefield
86.3%
Ellie Goulding: _____ Me Like You Do
85.4%
% Correct
The B-52's: _____ Shack
84.8%
The Supremes: Stop! In the Name of _____
82.2%
Kesha: Your _____ Is My Drug
81.5%
Whitney Houston: I Will Always _____ You
80.1%
Heart: What About _____?
73.4%
The Cure: Friday I'm In _____
67.5%
Donna Summer: I Feel _____
37.1%
Kanye West: _____ Lockdown
32.4%

You're not logged in!

Compare scores with friends on all Sporcle quizzes.
OR
Log In

Show Comments

Extras

Top Quizzes Today


Score Distribution

Your Account Isn't Verified!

In order to create a playlist on Sporcle, you need to verify the email address you used during registration. Go to your Sporcle Settings to finish the process.

Report this User

Report this user for behavior that violates our Community Guidelines.

Details: